| 000 | 00601nam a2200181Ia 4500 | ||
|---|---|---|---|
| 003 | GCL | ||
| 008 | 140319s9999 xx 000 0 ara d | ||
| 040 |
_aGCL / _cGCL |
||
| 082 | 0 | 4 |
_a953.08 _bس ت |
| 100 | 1 | _aابن سباط، حمزة بن احمد بن عمر | |
| 245 | 1 | 0 |
_aتاريخ ابن سباط / _cابن سباط، حمزة بن احمد بن عمر |
| 700 | 1 | _aعمر عبدالسلام تدمرى | |
| 700 | 1 | _aعمر عبدالسلام تدمرى (تحقيق) | |
| 260 |
_a[S.N] : _bجروس برس |
||
| 490 | _a | ||
| 650 | 0 | 4 | _aالتاريخ الاسلامى |
| 942 |
_2ddc _cBK |
||
| 999 |
_c35104 _d35104 |
||